Normal view
MARC view
- Houston,.F Joel
Entry Corporate Name
001 - CONTROL NUMBER
- control field: 124141
003 - CONTROL NUMBER IDENTIFIER
- control field: NUST
005 - DATE AND TIME OF LATEST TRANSACTION
- control field: 20240706142006.0
008 - FIXED-LENGTH DATA ELEMENTS
- fixed length control field: 240706|| aca||aabn | a|a d
040 ## - CATALOGING SOURCE
- Original cataloging agency: NUST
- Transcribing agency: NUST
110 ## - HEADING--CORPORATE NAME
- Corporate name or jurisdiction name as entry element: Houston,.F Joel
670 ## - SOURCE DATA FOUND
- Source citation: Work cat.: (NUST): Brigham,. F Eugene 89367, Fundamentals of Financial Manageemnt, 2004.
